LEADER 00847nam0-22002891i-450- 001 990006899640403321 005 20001010 035 $a000689964 035 $aFED01000689964 035 $a(Aleph)000689964FED01 035 $a000689964 100 $a20001010d--------km-y0itay50------ba 101 0 $aita 105 $ay-------001yy 200 1 $a<>presenza straniera in Italia$ecaratteristiche demografiche$epermessi di soggiorno ...$fIstituto Nazionale distatistica. Settore Popolazione. 210 $aRoma$cIstat$d1999. 215 $a228 p. floppy disk 28 cm 676 $a304.60945 710 02$aIstat$0374421 801 0$aIT$bUNINA$gRICA$2UNIMARC 901 $aBK 912 $a990006899640403321 952 $aVI F 225$b.$fFSPBC 959 $aFSPBC 996 $aPresenza straniera in Italia$9237576 997 $aUNINA DB $aGEN01